[Event "Wuertemberg-ch Seniors 27th"]
[Site "Freudenstadt"]
[Date "2015.07.06"]
[Round "4"]
[White "Born, Bernd Ludger"]
[Black "Roggenstein, Bruno"]
[Result "1-0"]
[WhiteElo "2122"]
[BlackElo "1869"]
[PlyCount "93"]
[EventDate "2015.07.03"]
[EventType "swiss"]
[EventRounds "9"]
[EventCountry "GER"]
[SourceTitle "EXT 2016"]
[Source "ChessBase"]
[SourceDate "2015.10.08"]
[SourceVersion "1"]
[SourceVersionDate "2015.10.08"]
[SourceQuality "1"]

1. d4 e6 2. c4 d5 3. Nc3 Nf6 4. Nf3 dxc4 5. e3 a6 6. Bxc4 b5 7. Bd3 Bb7 8. 0-0 Be7 9. a3 Nbd7 10. b4 0-0 11. Bb2 Re8 12. e4 Nf8 13. Rc1 Rc8 14. Bb1 N6d7 15. Qe2 Nb6 16. Ba2 Bf6 17. Rfd1 Qe7 18. Rc2 Bg5 19. Nxg5 Qxg5 20. f3 Red8 21. Bc1 Qg6 22. Be3 Kh8 23. Rdc1 Rd7 24. Qf2 Na8 25. Ne2 h6 26. Nf4 Qh7 27. Nd3 Rb8 28. Bf4 f6 29. Nc5 Re7 30. Be3 Bc8 31. Nb3 f5 32. Na5 Rf7 33. exf5 Qxf5 34. Nc6 Rb6 35. d5 Rxc6 36. dxc6 Qg6 37. Rd2 Nh7 38. Rd8+ Rf8 39. Qd2 Qf6 40. Rxf8+ Qxf8 41. Rd1 Nb6 42. Bxb6 cxb6 43. Qd8 g5 44. Qxf8+ Nxf8 45. Rd8 Kg7 46. Rxc8 Ng6 47. c7 1-0

[Event "Wuertemberg-ch Seniors 27th"]
[Site "Freudenstadt"]
[Date "2015.07.03"]
[Round "1"]
[White "Woelbl, Josef"]
[Black "Born, Bernd Ludger"]
[Result "1/2-1/2"]
[WhiteElo "1891"]
[BlackElo "2122"]
[PlyCount "74"]
[EventDate "2015.07.03"]
[EventType "swiss"]
[EventRounds "9"]
[EventCountry "GER"]
[SourceTitle "EXT 2016"]
[Source "ChessBase"]
[SourceDate "2015.10.08"]
[SourceVersion "1"]
[SourceVersionDate "2015.10.08"]
[SourceQuality "1"]

1. Nf3 Nf6 2. c4 b6 3. e3 e6 4. d4 Bb7 5. Nc3 d5 6. cxd5 Nxd5 7. Be2 Nd7 8. 0-0 Be7 9. Bd2 0-0 10. Rc1 c5 11. Nxd5 Bxd5 12. b3 Nf6 13. Bc3 Ne4 14. dxc5 Nxc3 15. Rxc3 Bxc5 16. Bc4 Be4 17. Nd2 Bg6 18. e4 Bb4 19. Rd3 Qe7 20. Qe2 Rad8 21. Nf3 Rxd3 22. Bxd3 e5 23. Rc1 Bc5 24. h3 Bh5 25. g4 Bg6 26. Kg2 Rd8 27. Bc4 h5 28. Bd5 Kf8 29. Rc4 hxg4 30. hxg4 a5 31. Rc1 Qf6 32. Rh1 Ke7 33. Qa6 Qd6 34. Qb7+ Rd7 35. Qa8 Rd8 36. Qb7+ Rd7 37. Qa8 Rd8 1/2-1/2

[Event "Bad Woerishofen op 24th"]
[Site "Bad Woerishofen"]
[Date "2008.03.03"]
[Round "5"]
[White "Born, Bernd Ludger"]
[Black "Kesik, Klaus Dieter"]
[Result "1/2-1/2"]
[WhiteElo "1983"]
[BlackElo "2209"]
[PlyCount "80"]
[EventDate "2008.02.28"]
[EventType "swiss"]
[EventRounds "9"]
[EventCountry "GER"]
[SourceTitle "EXT 2022"]
[Source "ChessBase"]
[SourceDate "2021.10.06"]
[SourceVersion "1"]
[SourceVersionDate "2021.10.06"]
[SourceQuality "1"]

1. c4 Nf6 2. g3 g6 3. Bg2 Bg7 4. Nc3 0-0 5. Nf3 d6 6. d4 Nc6 7. 0-0 a6 8. b3 Rb8 9. a4 Bg4 10. h3 Bxf3 11. Bxf3 Nd7 12. e3 e5 13. Ne2 exd4 14. exd4 Qf6 15. Bxc6 bxc6 16. Be3 Rfe8 17. Rb1 Re7 18. Nf4 Rbe8 19. b4 Qf5 20. g4 Qf6 21. b5 Nb8 22. bxc6 Re4 23. Nd5 Qd8 24. Nc3 R4e7 25. Qf3 a5 26. Rb5 h6 27. Rxa5 Re6 28. Nd5 Nxc6 29. Nf6+ Qxf6 30. Qxc6 Kh7 31. Qg2 c5 32. dxc5 Qc3 33. Ra7 dxc5 34. Rxf7 Kh8 35. Qb7 h5 36. Bxc5 Qxh3 37. Rxg7 Qxg4+ 38. Kh1 Qh4+ 39. Kg1 Qg4+ 40. Kh1 Qh4+ 1/2-1/2

[Event "EU-ch Seniors 07th"]
[Site "Hockenheim"]
[Date "2007.06.08"]
[Round "7"]
[White "Fahnenschmidt, Gerhard"]
[Black "Born, Bernd Ludger"]
[Result "0-1"]
[WhiteElo "2134"]
[BlackElo "2060"]
[PlyCount "118"]
[EventDate "2007.06.02"]
[EventType "swiss"]
[EventRounds "9"]
[EventCountry "GER"]
[SourceTitle "CBM 118 Extra"]
[Source "ChessBase"]
[SourceDate "2007.07.04"]
[SourceVersion "1"]
[SourceVersionDate "2007.07.04"]
[SourceQuality "1"]

1. c4 Nf6 2. Nc3 e5 3. Nf3 d6 4. d4 exd4 5. Nxd4 Nc6 6. e4 Bg4 7. f3 Bd7 8. Bg5 Be7 9. h4 Nh5 10. Nd5 Bxg5 11. hxg5 Ng3 12. Rg1 Ne5 13. f4 Ng6 14. Bd3 c6 15. Qf3 cxd5 16. Qxg3 Qb6 17. Qe3 dxc4 18. Bc2 Nxf4 19. e5 dxe5 20. Qxe5+ Ne6 21. 0-0-0 Qc5 22. Rge1 Qxe5 23. Rxe5 0-0 24. Nf5 Rfd8 25. Nd6 Bc6 26. g6 hxg6 27. Bxg6 fxg6 28. Rxe6 Rd7 29. Rxg6 Rf8 30. g4 Rf6 31. Rxf6 gxf6 32. Nxc4 Rxd1+ 33. Kxd1 Bf3+ 34. Ke1 Bxg4 35. Nd6 Bf3 36. Kf2 Bd5 37. a3 Kf8 38. Ke3 Ke7 39. Nc8+ Kd7 40. Nxa7 Bc4 41. Kd4 Be2 42. Kc5 f5 43. Nb5 Bxb5 44. Kxb5 Kd6 45. Kc4 Ke5 46. Kd3 Kf4 47. Ke2 Ke4 48. Kf2 Kd4 49. Kf3 Kc4 50. Kf4 Kb3 51. a4 Kxb2 52. Kxf5 Kb3 53. a5 Kb4 54. a6 bxa6 55. Ke4 a5 56. Kd3 Kb3 57. Kd2 Kb2 58. Kd3 a4 59. Kd4 a3 0-1

[Event "EU-ch Seniors 07th"]
[Site "Hockenheim"]
[Date "2007.06.03"]
[Round "2"]
[White "Kornath, Heinrich"]
[Black "Born, Bernd Ludger"]
[Result "1-0"]
[WhiteElo "1838"]
[BlackElo "2060"]
[PlyCount "141"]
[EventDate "2007.06.02"]
[EventType "swiss"]
[EventRounds "9"]
[EventCountry "GER"]
[SourceTitle "CBM 118 Extra"]
[Source "ChessBase"]
[SourceDate "2007.07.04"]
[SourceVersion "1"]
[SourceVersionDate "2007.07.04"]
[SourceQuality "1"]

1. e4 e6 2. d4 d5 3. Nd2 Nf6 4. e5 Nfd7 5. c3 c5 6. Bd3 Nc6 7. Ndf3 cxd4 8. cxd4 f6 9. exf6 Nxf6 10. Ne2 Bd6 11. 0-0 0-0 12. b3 Nb4 13. Bb1 Qc7 14. a3 Nc6 15. h3 e5 16. dxe5 Nxe5 17. Nxe5 Bxe5 18. Ra2 Qf7 19. Be3 Be6 20. Bd4 Bd6 21. b4 b6 22. Qd3 g6 23. Bxf6 Qxf6 24. Nd4 Bd7 25. Rd1 Rad8 26. Re2 Rde8 27. Ba2 Rxe2 28. Qxe2 Be5 29. Bxd5+ Kh8 30. Nf3 Bb8 31. Qe3 Ba4 32. Bb3 Bf4 33. Qd3 Bc6 34. b5 Bb7 35. a4 Bh6 36. Bd5 Rd8 37. Qe4 Bg7 38. Rd2 Qa1+ 39. Kh2 Bc8 40. Bc6 Rf8 41. Bd7 Qf6 42. Bxc8 Rxc8 43. Rd7 h6 44. Rxa7 Qd6+ 45. g3 Rf8 46. Kg2 Qf6 47. Ra8 Kh7 48. Rxf8 Bxf8 49. Qe5 Kg7 50. Qxf6+ Kxf6 51. Nd2 Ke6 52. Nc4 Bc5 53. a5 bxa5 54. Nxa5 Kd5 55. f4 Ba3 56. Nc6 Kc5 57. Kf3 Kxb5 58. Ne5 g5 59. fxg5 hxg5 60. Nf7 Kc5 61. Kg4 Kd5 62. Kxg5 Ke6 63. Kg6 Ke7 64. g4 Kf8 65. Nh6 Bc1 66. g5 Bd2 67. h4 Be1 68. h5 Bd2 69. Nf7 Be3 70. h6 Bxg5 71. Nxg5 1-0

[Event "Wuerttemberg-ch Seniors 18th"]
[Site "Freudenstadt"]
[Date "2006.05.12"]
[Round "9"]
[White "Born, Bernd Ludger"]
[Black "Gabriel, Josef"]
[Result "0-1"]
[WhiteElo "1931"]
[BlackElo "2149"]
[PlyCount "71"]
[EventDate "2006.05.04"]
[EventType "swiss"]
[EventRounds "9"]
[EventCountry "GER"]
[SourceTitle "EXT 2007"]
[Source "ChessBase"]
[SourceDate "2006.11.23"]
[SourceVersion "1"]
[SourceVersionDate "2006.11.23"]
[SourceQuality "1"]

1. d4 f5 2. g3 Nf6 3. Bg2 g6 4. Nf3 Bg7 5. 0-0 0-0 6. c4 d6 7. Nc3 Qe8 8. Re1 Qf7 9. b3 Ne4 10. Bb2 c5 11. Qc2 cxd4 12. Nxe4 fxe4 13. Qxe4 Nc6 14. Qc2 e5 15. Rf1 Bf5 16. Qd2 Kh8 17. Ng5 Qd7 18. Ne4 Rad8 19. Ba3 Qe6 20. Rac1 a6 21. e3 g5 22. Rfe1 Qg6 23. exd4 Nxd4 24. Bb2 d5 25. cxd5 Rxd5 26. Qb4 b6 27. Bxd4 Rxd4 28. Rc4 Rfd8 29. Qc3 Rd1 30. Kf1 b5 31. Rc5 Qh5 32. Bf3 Rxe1+ 33. Kxe1 Qxh2 34. g4 Bxg4 35. Ke2 Qh1 36. Bxg4 0-1

[Event "Seefeld op 16th"]
[Site "Seefeld"]
[Date "2005.09.25"]
[Round "9"]
[White "Born, Bernd Ludger"]
[Black "Stabolewski, Andreas"]
[Result "1/2-1/2"]
[WhiteElo "2036"]
[BlackElo "2225"]
[PlyCount "40"]
[EventDate "2005.09.17"]
[EventType "swiss"]
[EventRounds "9"]
[EventCountry "AUT"]
[SourceTitle "EXT 2007"]
[Source "ChessBase"]
[SourceDate "2006.11.23"]
[SourceVersion "1"]
[SourceVersionDate "2006.11.23"]
[SourceQuality "1"]

1. d4 f5 2. g3 Nf6 3. Bg2 g6 4. c3 Bg7 5. Nd2 Nc6 6. Qb3 d5 7. f4 e6 8. Ngf3 0-0 9. Ne5 Nxe5 10. fxe5 Ne4 11. Nxe4 fxe4 12. Rf1 b6 13. Be3 Rxf1+ 14. Kxf1 a5 15. Kg1 Ba6 16. Qc2 Qe7 17. Rf1 c5 18. Qd2 cxd4 19. cxd4 Rc8 20. Bh3 Rf8 1/2-1/2

[Event "Seefeld op 16th"]
[Site "Seefeld"]
[Date "2005.09.19"]
[Round "3"]
[White "Born, Bernd Ludger"]
[Black "Bungter, Hans"]
[Result "1-0"]
[WhiteElo "2036"]
[BlackElo "1628"]
[PlyCount "99"]
[EventDate "2005.09.17"]
[EventType "swiss"]
[EventRounds "9"]
[EventCountry "AUT"]
[SourceTitle "EXT 2007"]
[Source "ChessBase"]
[SourceDate "2006.11.23"]
[SourceVersion "1"]
[SourceVersionDate "2006.11.23"]
[SourceQuality "1"]

1. d4 d5 2. Nf3 Nf6 3. c4 c6 4. Nc3 a6 5. a4 e6 6. e3 Bb4 7. Bd2 Nbd7 8. Bd3 dxc4 9. Bxc4 0-0 10. 0-0 Nb6 11. Bd3 c5 12. dxc5 Bxc5 13. Qc2 Qe7 14. a5 Nbd7 15. Na4 Ba7 16. Bc3 h6 17. Rfd1 Nd5 18. Bd4 Bxd4 19. Nxd4 Nb4 20. Qc3 Nxd3 21. Rxd3 Ne5 22. Rdd1 Nc6 23. Nb6 Rb8 24. Nxc6 bxc6 25. Qxc6 Bb7 26. Qd6 Qg5 27. Qg3 Qxg3 28. hxg3 Rfd8 29. f3 Bc6 30. Kf2 Kf8 31. Ke1 Ke7 32. Rd2 Bb5 33. Rad1 Rxd2 34. Rxd2 Rd8 35. Rxd8 Kxd8 36. b3 Kc7 37. Nc4 f6 38. g4 Kc6 39. Kd2 Kc5 40. Kc3 Kd5 41. e4+ Kc5 42. f4 Bc6 43. b4+ Kb5 44. Nd6+ Ka4 45. Kc4 f5 46. exf5 exf5 47. Nxf5 Bxg2 48. Nxg7 Bf3 49. Nf5 Bxg4 50. Nxh6 1-0

[Event "Seefeld op 16th"]
[Site "Seefeld"]
[Date "2005.09.17"]
[Round "1"]
[White "Born, Bernd Ludger"]
[Black "Antic, Dejan"]
[Result "0-1"]
[WhiteElo "2036"]
[BlackElo "2512"]
[PlyCount "94"]
[EventDate "2005.09.17"]
[EventType "swiss"]
[EventRounds "9"]
[EventCountry "AUT"]
[SourceTitle "EXT 2007"]
[Source "ChessBase"]
[SourceDate "2006.11.23"]
[SourceVersion "1"]
[SourceVersionDate "2006.11.23"]
[SourceQuality "1"]

1. d4 Nf6 2. Nf3 g6 3. g3 Bg7 4. Bg2 c5 5. c3 Qc7 6. 0-0 0-0 7. Re1 d6 8. e4 e5 9. d5 Nbd7 10. c4 Nb6 11. b3 Bd7 12. Nc3 Rae8 13. h3 Kh8 14. a4 Nc8 15. Ra2 Ng8 16. Nh2 f5 17. f3 Nf6 18. Rf2 Ne7 19. Nf1 a6 20. Bg5 Neg8 21. Qc1 Qc8 22. Kh2 Rf7 23. Rb2 Nh5 24. Bd2 Ref8 25. Bg5 Ngf6 26. exf5 gxf5 27. Rc2 Ng8 28. Rce2 Ne7 29. Qd2 Ng6 30. Qc1 Rg8 31. Rf2 Qf8 32. Bd2 Bf6 33. Ne2 f4 34. Bh1 fxg3+ 35. Nfxg3 Nxg3 36. Nxg3 Bh4 37. Rg1 Nf4 38. Bxf4 exf4 39. Ne4 Bxf2 40. Nxf2 Rxg1 41. Qxg1 Qg7 42. Qxg7+ Rxg7 43. Bg2 Bf5 44. a5 Re7 45. Ne4 Bxe4 46. fxe4 Kg7 47. Kg1 Kf6 0-1

[Event "Bad Woerishofen Seniors op 21st"]
[Site "Bad Woerishofen"]
[Date "2005.03.08"]
[Round "6"]
[White "Paulsen, Eckart"]
[Black "Born, Bernd Ludger"]
[Result "0-1"]
[WhiteElo "1636"]
[BlackElo "1954"]
[PlyCount "52"]
[EventDate "2005.03.03"]
[EventType "swiss"]
[EventRounds "9"]
[EventCountry "GER"]
[SourceTitle "EXT 2006"]
[Source "ChessBase"]
[SourceDate "2005.11.24"]
[SourceVersion "1"]
[SourceVersionDate "2005.11.24"]
[SourceQuality "1"]

1. e4 e6 2. d3 d5 3. Nd2 Nf6 4. Ngf3 Be7 5. g3 c5 6. Bg2 Nc6 7. 0-0 0-0 8. Re1 dxe4 9. dxe4 e5 10. a4 Qc7 11. c3 Rd8 12. Qc2 Ne8 13. Nc4 Be6 14. Ne3 c4 15. Bf1 Na5 16. Nd5 Bxd5 17. exd5 Rxd5 18. Qe4 Nf6 19. Qf5 e4 20. Qf4 Bd6 21. Qe3 exf3 22. Qxf3 Nb3 23. Rb1 Rd8 24. Be3 Nd2 25. Bxd2 Rxd2 26. Qe3 Bc5 0-1

[Event "Bad Woerishofen Seniors op 21st"]
[Site "Bad Woerishofen"]
[Date "2005.03.07"]
[Round "5"]
[White "Born, Bernd Ludger"]
[Black "Reichwald, Klaus Dieter"]
[Result "1-0"]
[WhiteElo "1954"]
[BlackElo "1716"]
[PlyCount "75"]
[EventDate "2005.03.03"]
[EventType "swiss"]
[EventRounds "9"]
[EventCountry "GER"]
[SourceTitle "EXT 2006"]
[Source "ChessBase"]
[SourceDate "2005.11.24"]
[SourceVersion "1"]
[SourceVersionDate "2005.11.24"]
[SourceQuality "1"]

1. d4 Nf6 2. c4 g6 3. g3 Bg7 4. Bg2 c6 5. Nf3 0-0 6. 0-0 d6 7. Nc3 Nbd7 8. e4 Qc7 9. h3 e5 10. Be3 Re8 11. Qc2 a6 12. a4 exd4 13. Nxd4 Ne5 14. b3 c5 15. Nde2 Bd7 16. Rad1 Rad8 17. Nf4 Bc6 18. Nfd5 Nxd5 19. Nxd5 Bxd5 20. exd5 f5 21. Rfe1 a5 22. Re2 Rf8 23. Rde1 h6 24. Bc1 g5 25. f4 gxf4 26. gxf4 Ng6 27. Qd3 Bd4+ 28. Kh2 b6 29. Re6 Qg7 30. Qg3 Kh7 31. Bf1 Rg8 32. Bd3 Qf7 33. R1e2 Ne5 34. Rxh6+ Kxh6 35. Qh4+ Kg7 36. fxe5 Bxe5+ 37. Rxe5 dxe5 38. Qh6# 1-0

[Event "Bad Woerishofen Seniors op 21st"]
[Site "Bad Woerishofen"]
[Date "2005.03.06"]
[Round "4"]
[White "Fels, Karl Heinz"]
[Black "Born, Bernd Ludger"]
[Result "1-0"]
[WhiteElo "1786"]
[BlackElo "1954"]
[PlyCount "123"]
[EventDate "2005.03.03"]
[EventType "swiss"]
[EventRounds "9"]
[EventCountry "GER"]
[SourceTitle "EXT 2006"]
[Source "ChessBase"]
[SourceDate "2005.11.24"]
[SourceVersion "1"]
[SourceVersionDate "2005.11.24"]
[SourceQuality "1"]

1. e4 e6 2. d4 d5 3. Nc3 Nf6 4. Bg5 dxe4 5. Nxe4 Be7 6. Bxf6 Bxf6 7. Nf3 Nd7 8. Qd2 0-0 9. 0-0-0 Be7 10. Bc4 Nf6 11. Nxf6+ Bxf6 12. h4 Qd6 13. g4 b5 14. Be2 Bb7 15. g5 Be7 16. Rhg1 c5 17. h5 Be4 18. Ne5 Rac8 19. c3 b4 20. Rg3 bxc3 21. bxc3 cxd4 22. Nc4 Rxc4 23. Bxc4 Qxg3 24. fxg3 Ba3+ 25. Qb2 Bxb2+ 26. Kxb2 Rb8+ 27. Bb3 dxc3+ 28. Kxc3 Kf8 29. Rd7 Rb7 30. Rd4 Rc7+ 31. Kd2 Bf3 32. h6 g6 33. Rd8+ Ke7 34. Rh8 Rc5 35. Ke3 Bd5 36. Bxd5 Rxd5 37. Kf4 Rd2 38. Rxh7 Rxa2 39. Rh8 Ra4+ 40. Kf3 Ra3+ 41. Kf4 Ra4+ 42. Kf3 Ra1 43. Rb8 Rh1 44. Rb7+ Kf8 45. Rxa7 Kg8 46. Kg4 Rf1 47. Ra8+ Kh7 48. Re8 Rf5 49. Kh4 f6 50. Re7+ Kh8 51. gxf6 Rxf6 52. Kg5 Rf8 53. g4 Kg8 54. Kxg6 Kh8 55. g5 e5 56. Rxe5 Rg8+ 57. Kh5 Kh7 58. Re7+ Kh8 59. g6 Ra8 60. Re5 Rb8 61. Rf5 Kg8 62. h7+ 1-0

[Event "Bad Woerishofen Seniors op 21st"]
[Site "Bad Woerishofen"]
[Date "2005.03.05"]
[Round "3"]
[White "Born, Bernd Ludger"]
[Black "Malik, Heinz"]
[Result "1-0"]
[WhiteElo "1954"]
[BlackElo "1528"]
[PlyCount "87"]
[EventDate "2005.03.03"]
[EventType "swiss"]
[EventRounds "9"]
[EventCountry "GER"]
[SourceTitle "EXT 2006"]
[Source "ChessBase"]
[SourceDate "2005.11.24"]
[SourceVersion "1"]
[SourceVersionDate "2005.11.24"]
[SourceQuality "1"]

1. d4 Nf6 2. c4 e6 3. g3 d5 4. e3 dxc4 5. Bxc4 Nc6 6. Nc3 b6 7. Nge2 Be7 8. 0-0 0-0 9. f3 Bb7 10. a3 Qd7 11. b4 Rad8 12. Qc2 Nb8 13. Bb2 Qc8 14. Rac1 c5 15. dxc5 bxc5 16. b5 Nbd7 17. e4 Ne5 18. Na4 Nxc4 19. Qxc4 Nd7 20. Qc2 a6 21. Nac3 axb5 22. Nxb5 Ba6 23. a4 Bxb5 24. axb5 Qb8 25. Rb1 Rc8 26. Kg2 Rfd8 27. Rfd1 Nb6 28. Rxd8+ Rxd8 29. Bc1 Qb7 30. Bf4 f6 31. Be3 Rc8 32. Nc3 Qc7 33. Ra1 Nc4 34. Bf2 Nb6 35. Ra6 Kf7 36. Qa2 Rb8 37. Na4 Qd8 38. Nxc5 Bxc5 39. Bxc5 Qc7 40. Bf2 Qd7 41. Ra7 Rb7 42. Bxb6 Kg6 43. Rxb7 Qxb7 44. Qxe6 1-0

[Event "Bad Woerishofen Seniors op 19th"]
[Site "Bad Woerishofen"]
[Date "2003.03.21"]
[Round "9"]
[White "Gerhardt, Peter Michael"]
[Black "Born, Bernd Ludger"]
[Result "1-0"]
[WhiteElo "2118"]
[BlackElo "2020"]
[PlyCount "135"]
[EventDate "2003.03.13"]
[EventType "swiss"]
[EventRounds "9"]
[EventCountry "GER"]
[SourceTitle "EXT 2004"]
[Source "ChessBase"]
[SourceDate "2003.11.25"]
[SourceVersion "1"]
[SourceVersionDate "2003.11.25"]
[SourceQuality "1"]

1. d4 f5 2. e4 fxe4 3. Nc3 Nf6 4. Bg5 Nc6 5. d5 Ne5 6. Qd4 d6 7. Nxe4 Bf5 8. Bxf6 exf6 9. 0-0-0 g6 10. f4 Bh6 11. Kb1 Bxf4 12. Nxd6+ Qxd6 13. Qxf4 0-0-0 14. Ne2 Qc5 15. Nc3 Ng4 16. Rd2 Rhe8 17. Be2 Ne3 18. Qf2 Qb4 19. a3 Qa5 20. Bf3 Nc4 21. Rd4 Nxa3+ 22. Kc1 Qc5 23. g4 Bd7 24. Ne4 Rxe4 25. Bxe4 Nb5 26. Rd2 Qxf2 27. Rxf2 Nd6 28. Bg2 f5 29. gxf5 Bxf5 30. Re1 Kd7 31. Rfe2 Re8 32. Rxe8 Nxe8 33. c4 a5 34. Kd2 b6 35. Kc3 Nf6 36. Bf3 h5 37. Kd4 Kd6 38. Re5 Nd7 39. Re8 Nf6 40. Rf8 Ke7 41. Ra8 Kd6 42. Be2 Nd7 43. Re8 Nc5 44. Bd1 Kd7 45. Re1 Kd6 46. Rf1 h4 47. Rf4 h3 48. Rf1 c6 49. dxc6 Kxc6 50. Rg1 Ne6+ 51. Kc3 Kd6 52. Bg4 Nf4 53. Kd4 Ne6+ 54. Ke3 Kc5 55. Bxf5 gxf5 56. Rg6 Nd4 57. Rh6 Nc6 58. Kd2 a4 59. Rxh3 Kxc4 60. Rc3+ Kd5 61. h4 Ne5 62. h5 b5 63. h6 Ng6 64. Rg3 Nf8 65. Rg8 Nh7 66. Rg7 Nf6 67. h7 Nxh7 68. Rxh7 1-0

[Event "Bad Woerishofen Seniors op 19th"]
[Site "Bad Woerishofen"]
[Date "2003.03.19"]
[Round "7"]
[White "Born, Bernd Ludger"]
[Black "Minz, Michail"]
[Result "1/2-1/2"]
[WhiteElo "2020"]
[BlackElo "2161"]
[PlyCount "118"]
[EventDate "2003.03.13"]
[EventType "swiss"]
[EventRounds "9"]
[EventCountry "GER"]
[SourceTitle "EXT 2004"]
[Source "ChessBase"]
[SourceDate "2003.11.25"]
[SourceVersion "1"]
[SourceVersionDate "2003.11.25"]
[SourceQuality "1"]

1. c4 e5 2. Nc3 Nc6 3. Nf3 g6 4. d4 exd4 5. Nxd4 Bg7 6. e3 Nge7 7. Be2 0-0 8. 0-0 Nxd4 9. exd4 Nf5 10. d5 Re8 11. Re1 d6 12. Bd3 c5 13. Bd2 Nd4 14. Rb1 f5 15. Ne2 Nxe2+ 16. Rxe2 Bd7 17. Rxe8+ Bxe8 18. Bf4 g5 19. Bd2 Bg6 20. Qc2 Qf6 21. Re1 Qxb2 22. Qxb2 Bxb2 23. Rb1 Bf6 24. Rxb7 f4 25. Bxg6 hxg6 26. f3 Kf8 27. Kf2 Be7 28. g3 fxg3+ 29. hxg3 Ke8 30. Ke2 a5 31. a4 Ra6 32. Kd3 Bd8 33. Ke4 g4 34. f4 Rb6 35. Rxb6 Bxb6 36. f5 gxf5+ 37. Kxf5 Kf7 38. Bg5 Bc7 39. Kxg4 Kg6 40. Kf4 Bb6 41. g4 Bc7 42. Bh4 Bb6 43. Be1 Bd8 44. Bc3 Bc7 45. g5 Bd8 46. Kg4 Bc7 47. Bf6 Bb6 48. Bc3 Bc7 49. Bd2 Bb6 50. Kf4 Bd8 51. Ke4 Bb6 52. Be3 Bc7 53. Bd2 Bd8 54. Be3 Bc7 55. Bf4 Bb8 56. Bd2 Bc7 57. Kf4 Bb6 58. Be3 Bc7 59. Ke4 Bb8 1/2-1/2

[Event "Bad Woerishofen Seniors op 18th"]
[Site "Bad Woerishofen"]
[Date "2002.03.08"]
[Round "2"]
[White "Eichinger, Adolf"]
[Black "Born, Bernd Ludger"]
[Result "0-1"]
[WhiteElo "1484"]
[BlackElo "2027"]
[PlyCount "100"]
[EventDate "2002.03.??"]
[EventType "swiss"]
[EventRounds "9"]
[EventCountry "GER"]
[SourceTitle "EXT 2006"]
[Source "ChessBase"]
[SourceDate "2005.11.24"]
[SourceVersion "1"]
[SourceVersionDate "2005.11.24"]
[SourceQuality "1"]

1. e4 e6 2. d4 d5 3. e5 c5 4. c3 Qb6 5. b3 cxd4 6. cxd4 Bd7 7. Nc3 Bb4 8. Bb2 Nh6 9. Qd2 Nf5 10. Rd1 0-0 11. Nf3 Bxc3 12. Bxc3 Bb5 13. Bxb5 Qxb5 14. Qd3 Qxd3 15. Rxd3 Nc6 16. g4 Nfe7 17. h4 b5 18. a3 a5 19. Bd2 Rfb8 20. h5 Rb7 21. Nh4 a4 22. b4 Rc8 23. 0-0 Rbc7 24. f4 Nd8 25. f5 Nec6 26. g5 exf5 27. Nxf5 Ne6 28. Rc1 g6 29. hxg6 fxg6 30. Nh6+ Kg7 31. Be3 Ncd8 32. Rf1 Rc3 33. Rfd1 Rxd3 34. Rxd3 Nf7 35. Nxf7 Kxf7 36. Bd2 Rc4 37. Be3 Rc2 38. Kf1 Ng7 39. Ke1 Ke6 40. Kd1 Rc4 41. Kd2 Kf5 42. Bf2 Kxg5 43. Rf3 Nf5 44. e6 Kf6 45. Rh3 h5 46. Rf3 Kxe6 47. Bg1 g5 48. Bh2 Rxd4+ 49. Kc3 Rc4+ 50. Kd2 g4 0-1

[Event "Bad Woerishofen Seniors op 18th"]
[Site "Bad Woerishofen"]
[Date "2002.??.??"]
[Round "3"]
[White "Servaty, Rudolf"]
[Black "Born, Bernd Ludger"]
[Result "1-0"]
[WhiteElo "2200"]
[BlackElo "2015"]
[PlyCount "73"]
[EventDate "2002.03.??"]
[EventType "swiss"]
[EventRounds "9"]
[EventCountry "GER"]
[SourceTitle "EXT 2003"]
[Source "ChessBase"]
[SourceDate "2002.11.25"]
[SourceVersion "1"]
[SourceVersionDate "2002.11.25"]
[SourceQuality "1"]

1. d4 Nf6 2. c4 g6 3. Nc3 d6 4. e4 Bg7 5. Be2 0-0 6. Bg5 Nbd7 7. Qd2 c5 8. d5 a6 9. h4 Ne8 10. h5 f6 11. Be3 g5 12. h6 Bh8 13. Nh3 Ne5 14. f4 gxf4 15. Nxf4 f5 16. Rh5 Bf6 17. exf5 Bxf5 18. 0-0-0 Qc8 19. g4 Bg6 20. Nxg6 Nxg6 21. Ne4 Be5 22. Rxe5 Nxe5 23. Ng5 b5 24. Ne6 Rf6 25. Bd3 Nxd3+ 26. Qxd3 bxc4 27. Qxc4 Qb7 28. g5 Rb8 29. b3 Rf7 30. Qe4 Qb4 31. Qc2 c4 32. g6 Rf6 33. gxh7+ Kh8 34. Rg1 Nc7 35. Rg8+ Rxg8 36. hxg8Q+ Kxg8 37. Qg2+ 1-0

[Event "Bad Woerishofen op 16th"]
[Site "Bad Woerishofen"]
[Date "2000.03.23"]
[Round "7"]
[White "Maahs, Erich"]
[Black "Born, Bernd Ludger"]
[Result "1-0"]
[WhiteElo "2195"]
[BlackElo "2055"]
[PlyCount "65"]
[EventDate "2000.03.??"]
[EventType "swiss"]
[EventRounds "9"]
[EventCountry "GER"]
[SourceTitle "CBM 075 Extra"]
[Source "ChessBase"]
[SourceDate "2000.05.11"]
[SourceVersion "2"]
[SourceVersionDate "2000.05.11"]
[SourceQuality "1"]

1. e4 e6 2. d4 d5 3. Nd2 dxe4 4. Nxe4 Be7 5. Nf3 Nd7 6. Bd3 Ngf6 7. Nxf6+ Nxf6 8. 0-0 0-0 9. Ne5 c5 10. dxc5 Bxc5 11. Bg5 Be7 12. Qf3 Nd7 13. Bf4 Nxe5 14. Bxe5 f6 15. Qh5 f5 16. Rad1 Qa5 17. f4 g6 18. Qh6 Bf6 19. Bxf6 Rxf6 20. Bc4 Qc7 21. Rf3 Bd7 22. Rfd3 Bc6 23. b4 Re8 24. c3 Rf7 25. Rd6 Bd5 26. R6xd5 exd5 27. Bxd5 Kh8 28. Bxf7 Qxf7 29. h3 a5 30. a4 Qe7 31. bxa5 Rc8 32. Kh2 Rxc3 33. Rd7 1-0

[Event "Bad Woerishofen op 16th"]
[Site "Bad Woerishofen"]
[Date "2000.03.20"]
[Round "4"]
[White "Holuba, Stefan"]
[Black "Born, Bernd Ludger"]
[Result "0-1"]
[WhiteElo "1740"]
[BlackElo "2055"]
[PlyCount "42"]
[EventDate "2000.03.??"]
[EventType "swiss"]
[EventRounds "9"]
[EventCountry "GER"]
[SourceTitle "CBM 075 Extra"]
[Source "ChessBase"]
[SourceDate "2000.05.11"]
[SourceVersion "2"]
[SourceVersionDate "2000.05.11"]
[SourceQuality "1"]

1. e4 e6 2. d4 d5 3. Nc3 dxe4 4. Nxe4 Be7 5. Nf3 Nd7 6. Bd3 Ngf6 7. 0-0 0-0 8. Ned2 b6 9. Ne5 Bb7 10. Ndf3 h6 11. Qe2 c5 12. dxc5 Nxc5 13. Bb5 Qc7 14. Bf4 Bd6 15. Rad1 Bxf3 16. gxf3 Nh5 17. Qd2 Bxe5 18. Bxe5 Qxe5 19. b4 Ne4 20. Qe2 Qg5+ 21. Kh1 Nc3 0-1

[Event "Bad Woerishofen op 16th"]
[Site "Bad Woerishofen"]
[Date "2000.03.17"]
[Round "1"]
[White "Born, Bernd Ludger"]
[Black "Mainka, Romuald"]
[Result "0-1"]
[WhiteElo "2055"]
[BlackElo "2478"]
[PlyCount "70"]
[EventDate "2000.03.??"]
[EventType "swiss"]
[EventRounds "9"]
[EventCountry "GER"]
[SourceTitle "CBM 075 Extra"]
[Source "ChessBase"]
[SourceDate "2000.05.11"]
[SourceVersion "2"]
[SourceVersionDate "2000.05.11"]
[SourceQuality "1"]

1. c4 e5 2. Nc3 d6 3. g3 f5 4. e3 Nf6 5. d4 Be7 6. Nge2 0-0 7. Bg2 Na6 8. 0-0 c6 9. a3 Nc7 10. b3 e4 11. d5 Bd7 12. dxc6 bxc6 13. f3 d5 14. cxd5 cxd5 15. Nd4 Qe8 16. f4 Rb8 17. Bh3 g6 18. Rf2 Bc5 19. Nce2 Qe7 20. b4 Bd6 21. Nc3 Rfc8 22. Rc2 Nce8 23. Nb3 Qf7 24. Bb2 Bc7 25. Rac1 Bb6 26. Nd4 Nd6 27. Bf1 Nc4 28. Bxc4 Rxc4 29. Nxd5 Nxd5 30. Rxc4 Nxe3 31. Qe2 Nxc4 32. Qxc4 Qxc4 33. Rxc4 Bb5 34. Rc1 Rd8 35. Rd1 Bd3 0-1